000 01129nam0a2200313 4500
001 RU\NLR\bibl\569919
005 20250610132848.0
010 _a5-288-03530-Х
021 _aRU
_b2005-33784
_91693
035 _a(NLR Aleph) 000561991
090 _a1538329
_c1538329
100 _a20041102d2004 |||y0rusy50 ca
101 1 _arus
_acat
_ccat
102 _aRU
105 _ay |||||||||
200 1 _aСлова из огня и пепла
_dAguells mots de foc i cendra
_e[Стихи]
_eДвуязыч. изд. под общ. ред. Елены Зерновой
_eПер. с каталон.
_fДавид Жоу
_zcat
210 _aСПб.
_cИзд-во СПбГУ
_d2004
215 _a150, [1] с.
_d17
300 _aАвт. также на каталон. яз.: David Jou
510 1 _6z55790
_aAguells mots de foc i cendra
_zcat
686 _aШ6(4Ис=К)07-5я44{Лх1590}
700 1 _aЖоу
_bД.
_f1953-
_gДавид
_4070
790 1 _6z55510
_aJou
_bD.
_f1953-
_gDavid
_4070
801 0 _aRU
_bNLR
_c20041102
_gPSBO
801 1 _aRU
_bNLR
_c20041102
830 _aсер. нет
942 _cBOOK
980 _aNB